000 00788cam a2200205 i 4500
005 20260203112459.0
008 250721s2023 jo gr 000 0 ara d
020 _a9789923779774
082 1 4 _a378.155
_bف و ا
100 1 _aفواخرجي، سهيلة احمد
245 1 2 _aالامانة العلمية لدى طلبة الدراسات العليا والعوامل المؤثرة فيها /
_cتأليف سهيلة أحمد فواخرجي.
250 _aالطبعة الأولى.
264 3 1 _aعمان :
_bزاد ناشرون وموزعون،
_c2023.
300 _a135 صفحة.
650 1 7 _aالدرسات العليا.
650 1 7 _aحقوق المؤلفين.
650 1 7 _aالابحاث العلمية.
942 _2ddc
_cBK
999 _c146580
_d146580